Statystyki dla Państwa Ameryki Środkowej i Karaibów - Quiz na mapie

Kliknij tutaj aby rozwiązać quiz!

Ogólne statystyki

  • Ten quiz został rozwiązany 5 900 razy
  • Średni wynik to 10 z 14

Odpowiedzi na mapie

Odpowiedzi skodowane kolorowo w zielono-czerwonej skali na mapie do tego quizu, zgodnie z poniższymi procentami.
Ładowanie ...
 

Statystyki odpowiedzi

Odpowiedź% Poprawnych
Panama
89%
Kuba
82%
Dominikana
77%
Bahamy
76%
Jamajka
74%
Belize
73%
Haiti
73%
Trynidad i Tobago
71%
Kostaryka
69%
Gwatemala
69%
Honduras
68%
Nikaragua
66%
Salwador
66%
Puerto Rico (USA)
62%

Rozkład punktacji

Percentyl według liczby udzielonych odpowiedzi

Procent ludzi z każdym wynikiem

Twoja historia wyników

Nie rozwiązałeś tego quizu